[Event "Titled Tuesday intern op 22nd Feb Early"]
[Site "Chess.com INT"]
[Date "2022.02.22"]
[Round "1"]
[White "Kovalenko, Igor"]
[Black "Kozak, Alexander"]
[Result "1-0"]
[WhiteElo "2674"]
[BlackElo "2230"]
[PlyCount "63"]
[EventDate "2022.02.22"]
[EventType "swiss (blitz)"]
[EventRounds "11"]
[EventCountry "USA"]
[SourceTitle "CBM 207 Extra"]
[Source "ChessBase"]
[SourceDate "2022.05.31"]
[SourceVersion "1"]
[SourceVersionDate "2022.05.31"]
[SourceQuality "1"]

1. d4 g6 2. e4 Bg7 3. Nf3 d6 4. h3 Nd7 5. Bc4 e5 6. c3 Ne7 7. Bxf7+ Kxf7 8. Ng5+ Kg8 9. Qb3+ d5 10. exd5 Nf6 11. d6+ Ned5 12. dxe5 Qe8 13. 0-0 Qxe5 14. c4 Nb6 15. dxc7 Be6 16. Nxe6 Qxe6 17. c5 Qxb3 18. axb3 Nc8 19. Nc3 Kf7 20. Rd1 Re8 21. b4 Ne4 22. Rd7+ Kg8 23. Rd8 Bxc3 24. Rxe8+ Kf7 25. Rxe4 Bf6 26. b5 Ne7 27. Rxe7+ Bxe7 28. Rxa7 Rc8 29. Rxb7 Bxc5 30. Be3 Bxe3 31. fxe3 Ke6 32. b6 1-0

[Event "Titled Tuesday intern op 22nd Feb Early"]
[Site "Chess.com INT"]
[Date "2022.02.22"]
[Round "10"]
[White "Kozak, Alexander"]
[Black "Papp, Levente"]
[Result "0-1"]
[WhiteElo "2230"]
[BlackElo "2402"]
[PlyCount "138"]
[EventDate "2022.02.22"]
[EventType "swiss (blitz)"]
[EventRounds "11"]
[EventCountry "USA"]
[SourceTitle "CBM 207 Extra"]
[Source "ChessBase"]
[SourceDate "2022.05.31"]
[SourceVersion "1"]
[SourceVersionDate "2022.05.31"]
[SourceQuality "1"]

1. e4 e6 2. Nf3 d5 3. Nc3 Bb4 4. a3 Bxc3 5. dxc3 dxe4 6. Qxd8+ Kxd8 7. Ng5 Ke7 8. Nxe4 Nf6 9. Bg5 b6 10. 0-0-0 Bb7 11. Bd3 Nbd7 12. Rhe1 Rad8 13. f4 Bxe4 14. Bxe4 Nc5 15. Bf3 Rxd1+ 16. Rxd1 Rd8 17. Re1 Kf8 18. Bh4 a5 19. b3 Rd6 20. a4 Nd5 21. Bxd5 Rxd5 22. Bf2 Ke7 23. Bd4 f6 24. Kd2 Nd7 25. Kc1 c6 26. Bf2 b5 27. axb5 cxb5 28. Kb2 Rd2 29. Rf1 Kd6 30. g3 Kc6 31. h4 Re2 32. h5 g6 33. hxg6 hxg6 34. g4 e5 35. fxe5 Nxe5 36. Bd4 Nxg4 37. Bxf6 Rxc2+ 38. Kxc2 Ne3+ 39. Kd3 Nxf1 40. Bd8 a4 41. bxa4 bxa4 42. Kc4 Nd2+ 43. Kb4 Kd5 44. Kxa4 Kc4 45. Ka3 Kxc3 46. Ba5+ Kd3 47. Kb4 g5 48. Bc7 g4 49. Kc5 Ke4 50. Kb4 Nf1 51. Kc3 Ke3 52. Bb6+ Kf3 53. Bc7 Ke3 54. Bb6+ Ke2 55. Bc7 Ne3 56. Kd4 Kf3 57. Kd3 Nd5 58. Bd6 Nf4+ 59. Kd2 g3 60. Bc5 g2 61. Bb6 Nd5 62. Bc5 Nf6 63. Bb6 Ne4+ 64. Ke1 Ng5 65. Bc5 Nh3 66. Bb6 Nf4 67. Bc5 Nd3+ 68. Kd2 Nxc5 69. Ke1 g1Q+ 0-1

[Event "Titled Tuesday intern op 22nd Feb Early"]
[Site "Chess.com INT"]
[Date "2022.02.22"]
[Round "5"]
[White "Kozak, Alexander"]
[Black "Samunenkov, Igor"]
[Result "0-1"]
[WhiteElo "2230"]
[BlackElo "2371"]
[PlyCount "88"]
[EventDate "2022.02.22"]
[EventType "swiss (blitz)"]
[EventRounds "11"]
[EventCountry "USA"]
[SourceTitle "CBM 207 Extra"]
[Source "ChessBase"]
[SourceDate "2022.05.31"]
[SourceVersion "1"]
[SourceVersionDate "2022.05.31"]
[SourceQuality "1"]

1. e4 c5 2. c3 Nf6 3. e5 Nd5 4. d4 cxd4 5. Nf3 Nc6 6. Bc4 Nb6 7. Bb3 d5 8. exd6 Qxd6 9. 0-0 Be6 10. Na3 Bxb3 11. axb3 a6 12. Qe2 g6 13. Rd1 Bg7 14. cxd4 Nd5 15. Nc4 Qd8 16. Nce5 0-0 17. Nxc6 bxc6 18. Ne5 Nb4 19. Ra4 a5 20. Bd2 Qxd4 21. Bc3 Qc5 22. Nd7 Qb5 23. Qxe7 Nd5 24. Qe1 Rfe8 25. Qd2 Rad8 26. Bxg7 Kxg7 27. Qd4+ Kg8 28. Nc5 Qe2 29. h3 Rb8 30. Raa1 Rb4 31. Qd2 Qxd2 32. Rxd2 Rb5 33. Rc1 Kg7 34. Rdc2 h5 35. Na4 Nb4 36. Rc5 Nd3 37. Rxb5 cxb5 38. Rd1 Nb4 39. Nc3 Re5 40. Rd7 Nc2 41. Rb7 Nd4 42. h4 b4 43. Na4 Nxb3 44. Kh2 Nd4 0-1

[Event "Titled Tuesday intern op 13th July"]
[Site "Chess.com INT"]
[Date "2021.07.13"]
[Round "3"]
[White "Kozak, Alexander"]
[Black "Ibrahimli, Murad Sultanali"]
[Result "0-1"]
[WhiteElo "2230"]
[BlackElo "2436"]
[PlyCount "68"]
[EventDate "2021.07.13"]
[EventType "swiss (blitz)"]
[EventRounds "11"]
[EventCountry "USA"]
[SourceTitle "CBM 203 Extra"]
[Source "ChessBase"]
[SourceDate "2021.09.30"]
[SourceVersion "1"]
[SourceVersionDate "2021.09.30"]
[SourceQuality "1"]

1. e4 e5 2. Nf3 Nc6 3. Bb5 a6 4. Ba4 Nf6 5. 0-0 b5 6. Bb3 Bc5 7. a4 Rb8 8. axb5 axb5 9. Nxe5 Nxe5 10. d4 Bxd4 11. Qxd4 d6 12. c3 0-0 13. Bg5 h6 14. Bh4 Be6 15. Nd2 c5 16. Qe3 Nfg4 17. Qh3 g5 18. Bxe6 fxe6 19. Bg3 Qf6 20. Ra7 Qg6 21. Nf3 Rxf3 22. gxf3 Nxf3+ 23. Kg2 Qxe4 24. Kh1 e5 25. Qg2 Rf8 26. Rfa1 h5 27. Rd7 h4 28. Raa7 Nf6 29. Rg7+ Kh8 30. Qh3 Qb1+ 31. Kg2 g4 32. Rh7+ Nxh7 33. Qxg4 Qg1+ 34. Kh3 Qf1# 0-1

[Event "Titled Tuesday intern op 13th July"]
[Site "Chess.com INT"]
[Date "2021.07.13"]
[Round "10"]
[White "Kozak, Alexander"]
[Black "Nozdrachev, Leonid"]
[Result "1-0"]
[WhiteElo "2230"]
[BlackElo "2360"]
[PlyCount "73"]
[EventDate "2021.07.13"]
[EventType "swiss (blitz)"]
[EventRounds "11"]
[EventCountry "USA"]
[SourceTitle "CBM 203 Extra"]
[Source "ChessBase"]
[SourceDate "2021.09.30"]
[SourceVersion "1"]
[SourceVersionDate "2021.09.30"]
[SourceQuality "1"]

1. e4 d6 2. d4 Nf6 3. f3 e5 4. dxe5 dxe5 5. Qxd8+ Kxd8 6. Bc4 Be6 7. Bxe6 fxe6 8. Be3 Nbd7 9. Nc3 Bc5 10. Bxc5 Nxc5 11. 0-0-0+ Ke7 12. Nge2 g5 13. Nb5 Ne8 14. h4 g4 15. b4 Na6 16. a3 c6 17. Nbc3 gxf3 18. gxf3 Nd6 19. f4 Nc4 20. fxe5 Nxa3 21. Rhg1 Rhg8 22. Rg5 Nxb4 23. Rh5 Rg7 24. Nd4 Rd8 25. Rh6 Rxd4 26. Rxd4 Naxc2 27. Rd6 Rg1+ 28. Kb2 Rg2 29. Rxh7+ Ke8 30. Rxe6+ Kd8 31. Rd6+ Kc8 32. Kb3 a5 33. e6 b5 34. Rdd7 Na1+ 35. Ka3 Nbc2+ 36. Kb2 b4 37. Rh8+ 1-0

[Event "Speed Chess Super Swiss"]
[Site "Chess.com INT"]
[Date "2020.10.03"]
[Round "6"]
[White "Kozak, Alexander"]
[Black "Baskin, Robert"]
[Result "0-1"]
[WhiteElo "2230"]
[BlackElo "2390"]
[PlyCount "66"]
[EventDate "2020.10.03"]
[EventType "swiss (blitz)"]
[EventRounds "15"]
[EventCountry "USA"]
[SourceTitle "CBM 198 Extra"]
[Source "ChessBase"]
[SourceDate "2020.11.30"]
[SourceVersion "1"]
[SourceVersionDate "2020.11.30"]
[SourceQuality "1"]

1. e4 e5 2. Nf3 Nc6 3. Bb5 Nf6 4. d3 Bc5 5. Bxc6 dxc6 6. h3 Be6 7. Qe2 Nd7 8. Ng5 Nf8 9. 0-0 Qe7 10. Be3 f6 11. Bxc5 Qxc5 12. Nxe6 Nxe6 13. Nc3 0-0-0 14. Rfc1 Kb8 15. a3 h5 16. Qe3 Nd4 17. Ne2 g5 18. b4 Nxe2+ 19. Qxe2 Qd4 20. Rab1 g4 21. Kh2 Rhg8 22. h4 g3+ 23. fxg3 Rg4 24. Rf1 Rdg8 25. Rf3 a6 26. Rbf1 Qc3 27. Qe1 Qxa3 28. Rxf6 Rxg3 29. Rf8+ Ka7 30. Rxg8 Rxg8 31. Rf7 Kb8 32. Rf5 Qb2 33. Rxh5 Qxc2 0-1

[Event "Titled Tuesday intern op 4th Aug 10am"]
[Site "Chess.com INT"]
[Date "2020.08.04"]
[Round "10"]
[White "Visser, Henk Jan"]
[Black "Kozak, Alexander"]
[Result "0-1"]
[WhiteElo "2243"]
[BlackElo "2230"]
[PlyCount "48"]
[EventDate "2020.08.04"]
[EventType "swiss (blitz)"]
[EventRounds "10"]
[EventCountry "USA"]
[SourceTitle "CBM 197 Extra"]
[Source "ChessBase"]
[SourceDate "2020.09.30"]
[SourceVersion "1"]
[SourceVersionDate "2020.09.30"]
[SourceQuality "1"]

1. d4 g6 2. c4 Bg7 3. Nc3 c5 4. d5 Bxc3+ 5. bxc3 f5 6. h4 Nf6 7. h5 Rg8 8. hxg6 hxg6 9. f3 Qa5 10. Qb3 d6 11. Nh3 Nbd7 12. Bg5 Nb6 13. Nf4 Bd7 14. e3 0-0-0 15. Be2 Qa4 16. Kd2 Rg7 17. Rh6 Rdg8 18. Rah1 Kc7 19. Bd3 Qa6 20. Be2 Kb8 21. Ke1 Ba4 22. Rh8 Bxb3 23. axb3 Qa1+ 24. Kf2 Qxc3 0-1

[Event "Titled Tuesday intern op 26th May"]
[Site "Chess.com INT"]
[Date "2020.05.26"]
[Round "4"]
[White "Kozak, Alexander"]
[Black "Kuzmicz, Krystian"]
[Result "0-1"]
[WhiteElo "2230"]
[BlackElo "2468"]
[PlyCount "48"]
[EventDate "2020.05.26"]
[EventType "swiss (blitz)"]
[EventRounds "10"]
[EventCountry "USA"]
[SourceTitle "CBM 196 Extra"]
[Source "ChessBase"]
[SourceDate "2020.07.31"]
[SourceVersion "1"]
[SourceVersionDate "2020.07.31"]
[SourceQuality "1"]

1. e4 c5 2. c3 g6 3. d4 cxd4 4. cxd4 d5 5. exd5 Nf6 6. Bb5+ Nbd7 7. Nc3 Bg7 8. Qb3 0-0 9. Bxd7 Qxd7 10. Nf3 Rd8 11. Ne5 Qd6 12. Nc4 Qa6 13. 0-0 Nxd5 14. Re1 Be6 15. Rxe6 Qxe6 16. Bg5 Bxd4 17. Nxd5 Rxd5 18. Be3 Rad8 19. h3 b5 20. Na5 Bxe3 21. fxe3 Qe4 22. Rf1 e6 23. Nc6 Rd2 24. Ne7+ Kf8 0-1

[Event "RUS-chT rapid"]
[Site "Sochi"]
[Date "2019.10.18"]
[Round "5.2"]
[White "Kozak, Alexander"]
[Black "Suleymenov, Alisher"]
[Result "1-0"]
[WhiteElo "2230"]
[BlackElo "2370"]
[PlyCount "201"]
[EventDate "2019.10.18"]
[EventType "team-swiss (rapid)"]
[EventRounds "9"]
[EventCountry "RUS"]
[SourceTitle "CBM 192 Extra"]
[Source "Chessbase"]
[SourceDate "2019.11.06"]
[SourceVersion "1"]
[SourceVersionDate "2019.11.06"]
[SourceQuality "1"]
[WhiteTeam "Stavropol Region"]
[BlackTeam "Moscow Squad"]
[WhiteTeamCountry "RUS"]
[BlackTeamCountry "RUS"]

1. e4 c5 2. c3 d5 3. exd5 Qxd5 4. d4 Nc6 5. Nf3 Bf5 6. Na3 cxd4 7. Bc4 Qe4+ 8. Be3 0-0-0 9. cxd4 e6 10. Qa4 Bb4+ 11. Kf1 Bxa3 12. Qxa3 Nh6 13. h3 Bg6 14. b4 Kb8 15. b5 Nxd4 16. Re1 Qc2 17. Rc1 Qe4 18. Nxd4 Rxd4 19. Qc5 Nf5 20. Be2 Nxe3+ 21. fxe3 Rdd8 22. Qc7+ Ka8 23. Bf3 Qd3+ 24. Kg1 Be4 25. Qf4 Bxf3 26. Qxf3 Qxb5 27. h4 Qd7 28. Kh2 Rc8 29. Rcd1 Qe7 30. Kh3 Rhd8 31. Qe4 g6 32. a4 a6 33. Rb1 Rd5 34. Rb6 Qc5 35. Rhb1 Rc7 36. R6b3 Ka7 37. Qf4 Rdd7 38. e4 Qd4 39. Rb4 Qd3+ 40. Kh2 Qd6 41. e5 Qc5 42. Re1 Rd5 43. Ree4 Qc1 44. Qf2+ Qc5 45. Qf4 Ka8 46. Qf6 h5 47. Qf4 Qe7 48. Rb6 Rdc5 49. Rbb4 Qd7 50. Red4 Rd5 51. Re4 Rd1 52. Qf3 Rd3 53. Qf4 Qd8 54. a5 Rd5 55. Qf3 Rxa5 56. Rb6 Qd5 57. Qf4 Qc5 58. Rb1 Rb5 59. Rd1 Ka7 60. Rdd4 Rb2 61. Rc4 Qb6 62. Rxc7 Qxc7 63. Rc4 Qd7 64. Qe3+ Ka8 65. Qc5 Rb5 66. Qf8+ Ka7 67. Rc8 Rxe5 68. Ra8+ Kb6 69. Rd8 Qc7 70. Rc8 Qd7 71. Rd8 Qc7 72. Rc8 Qd7 73. Rd8 Qb5 74. Qd6+ Ka7 75. Qb8+ Kb6 76. Qd6+ Ka5 77. Qa3+ Kb6 78. Qd6+ Ka7 79. Qb8+ Kb6 80. Qd6+ Ka5 81. Qa3+ Qa4 82. Qc3+ Kb6 83. Rd6+ Ka7 84. Qxe5 Qxh4+ 85. Kg1 Qe7 86. Qd4+ Kb8 87. Rd7 Qa3 88. Qf4+ Ka7 89. Qf2+ Kb8 90. Qxf7 Qa1+ 91. Kh2 Qe5+ 92. Kh3 Qf5+ 93. Qxf5 gxf5 94. Kg3 a5 95. Kf4 Ka7 96. Rd6 a4 97. Rxe6 b5 98. Ke3 a3 99. Kd4 b4 100. Kc4 a2 101. Re1 1-0

[Event "RUS-ch blitz"]
[Site "Sochi"]
[Date "2019.10.17"]
[Round "4"]
[White "Kokarev, Dmitry"]
[Black "Kozak, Alexander"]
[Result "1-0"]
[WhiteElo "2593"]
[BlackElo "2230"]
[PlyCount "109"]
[EventDate "2019.10.17"]
[EventType "swiss (blitz)"]
[EventRounds "15"]
[EventCountry "RUS"]
[SourceTitle "CBM 192 Extra"]
[Source "Chessbase"]
[SourceDate "2019.11.06"]
[SourceVersion "1"]
[SourceVersionDate "2019.11.06"]
[SourceQuality "1"]

1. e4 c6 2. d4 d5 3. Nc3 g6 4. h3 Bg7 5. Nf3 Nh6 6. Bf4 0-0 7. Qd2 dxe4 8. Nxe4 Nf5 9. c3 Nd6 10. Nc5 Nd7 11. Nxd7 Bxd7 12. Bh6 Bf5 13. Bxg7 Kxg7 14. Be2 Ne4 15. Qe3 Nf6 16. Ne5 Rc8 17. 0-0 Qd6 18. b4 Rfd8 19. a3 b6 20. Rfd1 Qc7 21. Bc4 Nd5 22. Qe1 Be6 23. Bf1 Nf6 24. c4 h5 25. Rac1 a5 26. d5 Bd7 27. dxc6 Bxc6 28. Nxc6 Qxc6 29. Qxe7 Rxd1 30. Rxd1 axb4 31. axb4 Re8 32. Qd6 Qa4 33. Rc1 Qa3 34. Qd2 Ne4 35. Qd4+ Nf6 36. Qc3 Qxc3 37. Rxc3 Re1 38. f3 h4 39. Kf2 Rb1 40. b5 Nd7 41. Rd3 Nc5 42. Rd6 Na4 43. Bd3 Rb2+ 44. Kg1 Nc5 45. Be4 Na4 46. Rd7 Nc3 47. Bd5 Ne2+ 48. Kf2 Nf4+ 49. Ke3 Nxg2+ 50. Kd4 Ne1 51. Rxf7+ Kh6 52. Be4 Ng2 53. Rf6 Kg5 54. Rxg6+ Kf4 55. Rg4# 1-0

[Event "Grozny Kadyrov Memorial rapid"]
[Site "Grozny"]
[Date "2019.06.10"]
[Round "8"]
[White "Kozak, Alexander"]
[Black "Ivlev, Aleksey"]
[Result "1-0"]
[WhiteElo "2235"]
[BlackElo "2296"]
[PlyCount "91"]
[EventDate "2019.06.09"]
[EventType "swiss (rapid)"]
[EventRounds "11"]
[EventCountry "RUS"]
[SourceTitle "CBM 190 Extra"]
[Source "ChessBase"]
[SourceDate "2019.07.15"]
[SourceVersion "1"]
[SourceVersionDate "2019.07.15"]
[SourceQuality "1"]

1. e4 c6 2. d4 g6 3. c3 Bg7 4. Bd3 d5 5. e5 Nh6 6. Bf4 f6 7. Nf3 0-0 8. exf6 exf6 9. 0-0 Na6 10. Re1 Nc7 11. Nbd2 Ne6 12. Bg3 Bd7 13. a4 Nf7 14. a5 c5 15. dxc5 Nxc5 16. Bc2 Re8 17. Nb3 Rxe1+ 18. Qxe1 Ne4 19. Bxe4 dxe4 20. Qxe4 Bc6 21. Qe3 Qd5 22. Nbd4 Re8 23. Qd2 Bd7 24. b3 Ng5 25. Nxg5 fxg5 26. f3 g4 27. fxg4 Bxg4 28. Re1 Rc8 29. Bf2 Qxa5 30. Qf4 Bd7 31. Qd6 Qc7 32. Qd5+ Kh8 33. Re7 Rd8 34. Qf7 Rg8 35. Rxd7 Qxc3 36. g3 Qc1+ 37. Kg2 Qb1 38. Qe7 b5 39. Rxa7 g5 40. Nf3 g4 41. Ng5 h6 42. Nf7+ Kh7 43. Nd6 Qxb3 44. Qe4+ Kh8 45. Nf7+ Qxf7 46. Rxf7 1-0

[Event "Grozny Kadyrov Memorial rapid"]
[Site "Grozny"]
[Date "2019.06.09"]
[Round "1"]
[White "Pecherkin, Mikhail"]
[Black "Kozak, Alexander"]
[Result "0-1"]
[WhiteElo "1346"]
[BlackElo "2235"]
[PlyCount "44"]
[EventDate "2019.06.09"]
[EventType "swiss (rapid)"]
[EventRounds "11"]
[EventCountry "RUS"]
[SourceTitle "CBM 190 Extra"]
[Source "ChessBase"]
[SourceDate "2019.07.15"]
[SourceVersion "1"]
[SourceVersionDate "2019.07.15"]
[SourceQuality "1"]

1. d4 g6 2. Nf3 Bg7 3. e4 d6 4. Nc3 c6 5. Bc4 Qc7 6. Qe2 b5 7. Bb3 a5 8. a3 a4 9. Ba2 Ba6 10. Bxf7+ Kxf7 11. Ng5+ Ke8 12. Ne6 Qc8 13. Nxg7+ Kf8 14. Nh5 gxh5 15. Qxh5 Qe8 16. Bh6+ Nxh6 17. Qxh6+ Kg8 18. 0-0-0 Qg6 19. Qf4 Kg7 20. Rd3 Rf8 21. Qh4 Qh6+ 22. Re3 Qxh4 0-1

[Event "Stavropol Cup"]
[Site "Stavropol"]
[Date "2019.05.12"]
[Round "8"]
[White "Kozak, Alexander"]
[Black "Frolov, Andrey"]
[Result "1-0"]
[WhiteElo "2235"]
[BlackElo "2120"]
[PlyCount "76"]
[EventDate "2019.05.11"]
[EventType "swiss (rapid)"]
[EventRounds "9"]
[EventCountry "RUS"]
[SourceTitle "CBM 190 Extra"]
[Source "ChessBase"]
[SourceDate "2019.07.15"]
[SourceVersion "1"]
[SourceVersionDate "2019.07.15"]
[SourceQuality "1"]

1. e4 g6 2. d4 Bg7 3. c3 d6 4. Bd3 Nf6 5. f4 0-0 6. Nf3 c6 7. 0-0 Nbd7 8. e5 Nd5 9. Qe1 N7b6 10. Qh4 e6 11. Qh3 c5 12. Ng5 h6 13. Ne4 cxd4 14. Nxd6 dxc3 15. Nxc3 Nxc3 16. bxc3 Qc7 17. c4 Na4 18. Be3 Nc5 19. Bc2 b6 20. Rae1 Bd7 21. Qg3 h5 22. Bd4 Rad8 23. Ba1 Bc6 24. f5 exf5 25. Bxf5 Qe7 26. Bc2 h4 27. Qg4 Bd7 28. Qf3 Be6 29. Qa3 Rd7 30. Bc3 Qg5 31. Rf2 Rfd8 32. Bd2 Qe7 33. Bc3 Qg5 34. Ba4 Rc7 35. Bd2 Qe7 36. Bc2 Nb7 37. Bf4 Nc5 38. Qe3 Qe8 1-0

[Event "Stavropol Cup"]
[Site "Stavropol"]
[Date "2019.05.11"]
[Round "4"]
[White "Kozak, Alexander"]
[Black "Ryazanov, Nikolay"]
[Result "1-0"]
[WhiteElo "2235"]
[BlackElo "1667"]
[PlyCount "45"]
[EventDate "2019.05.11"]
[EventType "swiss (rapid)"]
[EventRounds "9"]
[EventCountry "RUS"]
[SourceTitle "CBM 190 Extra"]
[Source "ChessBase"]
[SourceDate "2019.07.15"]
[SourceVersion "1"]
[SourceVersionDate "2019.07.15"]
[SourceQuality "1"]

1. e4 e6 2. d4 d5 3. e5 c5 4. c3 Nc6 5. Nf3 Nge7 6. h4 Qb6 7. dxc5 Qxc5 8. h5 h6 9. Be3 Qa5 10. g4 Qc7 11. Bf4 Bd7 12. Bd3 0-0-0 13. Na3 Na5 14. Qe2 b6 15. Rc1 Kb8 16. b4 Nb7 17. 0-0 Nc6 18. Nb5 Qc8 19. a3 a6 20. Nbd4 b5 21. a4 bxa4 22. Bxa6 Na7 23. c4 1-0

[Event "Sochi Amateur op 6th"]
[Site "Sochi"]
[Date "2019.04.07"]
[Round "1"]
[White "Akobirov, Jamshed"]
[Black "Kozak, Alexander"]
[Result "0-1"]
[WhiteElo "1834"]
[BlackElo "2264"]
[PlyCount "122"]
[EventDate "2019.04.07"]
[EventType "swiss"]
[EventRounds "9"]
[EventCountry "RUS"]
[SourceTitle "CBM 189 Extra"]
[Source "ChessBase"]
[SourceDate "2019.06.03"]
[SourceVersion "1"]
[SourceVersionDate "2019.06.03"]
[SourceQuality "1"]

1. Nf3 g6 2. c4 Bg7 3. Nc3 c5 4. g3 Nc6 5. Bg2 e5 6. d3 Nge7 7. Ne4 d5 8. cxd5 Nxd5 9. 0-0 b6 10. Qa4 Bb7 11. Bd2 0-0 12. a3 a5 13. Nc3 Nde7 14. Nh4 f5 15. Qc4+ Kh8 16. Bg5 Qd7 17. Qb5 Qc7 18. Bxe7 Nxe7 19. Na4 Rf6 20. Bxb7 Qxb7 21. Rac1 Qa7 22. Nc3 Nc6 23. Nf3 Rd8 24. Qc4 Qd7 25. Qh4 h6 26. Rfd1 Qe8 27. Qc4 Nd4 28. Nxd4 exd4 29. Nd5 Rfd6 30. Nf4 g5 31. Ng2 Qxe2 32. Re1 Qxb2 33. Qf7 Rf8 34. Qc7 Rg6 35. Rb1 Qxa3 36. h4 Qxd3 37. Rxb6 f4 38. Rb8 fxg3 39. fxg3 Rxb8 40. Qxb8+ Kh7 41. h5 Rf6 42. Qc7 Rf8 43. Re6 Qd1+ 44. Re1 Qxh5 45. Qxc5 Qh3 46. Re7 Qg4 47. Qxa5 Qxg3 48. Qa7 Qf2+ 49. Kh2 Qf6 50. Qd7 h5 51. Re6 Qd8 52. Qc6 Qb8+ 53. Kg1 Qb1+ 54. Kh2 h4 55. Re4 Qb8+ 56. Kg1 Qg3 57. Re7 h3 58. Qe4+ Kh8 59. Rxg7 Kxg7 60. Qxd4+ Kh6 61. Qd6+ Qxd6 0-1

[Event "Sochi ChessAmateur op10"]
[Site "Sochi"]
[Date "2018.10.14"]
[Round "4"]
[White "Filipets, Egor"]
[Black "Kozak, Alexander"]
[Result "0-1"]
[WhiteElo "2321"]
[BlackElo "2262"]
[PlyCount "81"]
[EventDate "2018.10.12"]
[EventType "swiss"]
[EventRounds "9"]
[EventCountry "RUS"]
[SourceTitle "CBM 187 Extra"]
[Source "ChessBase"]
[SourceDate "2018.11.04"]
[SourceVersion "1"]
[SourceVersionDate "2018.11.04"]
[SourceQuality "1"]

1. d4 Nf6 2. g3 c5 3. d5 e6 4. Nc3 exd5 5. Nxd5 Nxd5 6. Qxd5 Nc6 7. Bg5 Be7 8. Bxe7 Qxe7 9. 0-0-0 Nb4 10. Qb3 d6 11. a3 Be6 12. Qe3 Nc6 13. Bg2 0-0 14. Nh3 d5 15. Nf4 d4 16. Qe4 Qg5 17. h4 Qh6 18. Qf3 Bc4 19. Rd2 Rab8 20. g4 Ne5 21. Qg3 Qa6 22. Nd3 Nxd3+ 23. exd3 Ba2 24. Re1 b5 25. Rde2 Be6 26. Bd5 Rb6 27. Bxe6 fxe6 28. Qe5 Rc8 29. h5 b4 30. h6 gxh6 31. a4 Qxa4 32. g5 h5 33. g6 hxg6 34. Qf6 e5 35. Qxe5 Qd7 36. Qg5 Rf8 37. Qxc5 Rf5 38. Qc4+ Qd5 39. Qc7 Rc6 40. Qh2 b3 41. f4 0-1

[Event "RUS-chT blitz"]
[Site "Sochi"]
[Date "2018.10.10"]
[Round "15.1"]
[White "Kozak, Alexander"]
[Black "Iljiushenok, Ilia"]
[Result "0-1"]
[WhiteElo "2262"]
[BlackElo "2539"]
[PlyCount "67"]
[EventDate "2018.10.10"]
[EventType "team-swiss (blitz)"]
[EventRounds "15"]
[EventCountry "RUS"]
[SourceTitle "CBM 186 Extra"]
[Source "ChessBase"]
[SourceDate "2018.08.24"]
[SourceVersion "1"]
[SourceVersionDate "2018.08.24"]
[SourceQuality "1"]
[WhiteTeam "Stavropol Region"]
[BlackTeam "Moscow Nosorogi"]
[WhiteTeamCountry "RUS"]
[BlackTeamCountry "RUS"]

1. e4 e5 2. Nf3 Nc6 3. Bb5 Nf6 4. d3 Bc5 5. Bxc6 dxc6 6. h3 Qe7 7. Qe2 Nd7 8. Nbd2 f6 9. Nc4 0-0 10. Be3 Bd6 11. 0-0 c5 12. a4 Nb8 13. Nfd2 Nc6 14. c3 Be6 15. f4 exf4 16. Bxf4 Bxf4 17. Rxf4 Rad8 18. Raf1 b6 19. R1f3 a6 20. Rg3 Rd7 21. Re3 b5 22. axb5 axb5 23. Na3 Rb8 24. Rf1 Bf7 25. Nf3 Bh5 26. Qf2 Bxf3 27. Qxf3 Ne5 28. Qg3 b4 29. Nc2 bxc3 30. bxc3 Rb2 31. Ne1 Rd8 32. Nf3 Rxd3 33. Nxe5 Rxe3 34. Qxe3 0-1

[Event "RUS-chT rapid"]
[Site "Sochi"]
[Date "2018.10.09"]
[Round "9.8"]
[White "Kozak, Alexander"]
[Black "Diakonova, Ekaterina"]
[Result "1/2-1/2"]
[WhiteElo "2262"]
[BlackElo "2236"]
[PlyCount "162"]
[EventDate "2018.10.08"]
[EventType "team-swiss (rapid)"]
[EventRounds "9"]
[EventCountry "RUS"]
[SourceTitle "CBM 186 Extra"]
[Source "ChessBase"]
[SourceDate "2018.08.24"]
[SourceVersion "1"]
[SourceVersionDate "2018.08.24"]
[SourceQuality "1"]
[WhiteTeam "Stavropol Region"]
[BlackTeam "Moscow Youth"]
[WhiteTeamCountry "RUS"]
[BlackTeamCountry "RUS"]

1. e4 c5 2. c3 g6 3. d4 cxd4 4. cxd4 d5 5. exd5 Bg7 6. Bb5+ Nd7 7. Nc3 Ngf6 8. Qb3 0-0 9. Bxd7 Nxd7 10. Nf3 Qb6 11. 0-0 Rd8 12. Re1 Qxb3 13. axb3 Nb6 14. Rxe7 Kf8 15. Rc7 Nxd5 16. Nxd5 Rxd5 17. Ng5 Kg8 18. Nxf7 Rxd4 19. Be3 Rd7 20. Nh6+ Bxh6 21. Rxd7 Bxd7 22. Bxh6 Bc6 23. f3 a6 24. Kf2 Re8 25. h4 Bb5 26. Be3 h5 27. Rd1 Kf7 28. Rd4 Re5 29. b4 Re6 30. g4 hxg4 31. fxg4 Bc6 32. h5 Re4 33. hxg6+ Kxg6 34. Rd6+ Kf7 35. g5 Re6 36. Rd8 Re8 37. Rd6 Re6 38. Rd1 Re8 39. Bf4 Re4 40. Kg3 Rxb4 41. Rd6 Rb3+ 42. Kg4 Rxb2 43. Rf6+ Kg8 44. Bd6 Rg2+ 45. Kh5 Rg1 46. Re6 Bd5 47. Re8+ Kf7 48. Re7+ Kg8 49. Kg6 Bf7+ 50. Kf5 Rf1+ 51. Bf4 b5 52. Rb7 Rf2 53. Ke5 Kg7 54. Be3 Re2 55. Kf4 Re1 56. Rb6 Rf1+ 57. Kg4 Re1 58. Bd4+ Kg8 59. Bf6 Re6 60. Rb7 Re1 61. Rb8+ Re8 62. Rb7 Re1 63. Kf5 Rf1+ 64. Ke5 Re1+ 65. Kd4 Rd1+ 66. Ke3 Re1+ 67. Kd2 Re4 68. Kd3 Re1 69. Kd4 Rd1+ 70. Kc5 Rc1+ 71. Kb6 b4 72. Kxa6 b3 73. Ka5 Rc2 74. Kb4 Rc4+ 75. Ka3 Rc2 76. g6 Bxg6 77. Rg7+ Kf8 78. Rxg6 Kf7 79. Rh6 Rc6 80. Rh7+ Kg6 81. Rh2 Kxf6 1/2-1/2